000 00808cam a22002771 4500
001 75141
003 BD-RjUL
005 20211209082643.0
008 140205r19541950enka b 001 0 eng
020 _a0582466210
035 _a(BD-RjUL)75359
040 _aDLC/ICU
_cICU
_dDLC
_beng
041 _aeng
082 0 0 _a631.4
_bRUS 1972
100 1 _aRussell, Edward J.
_q(Edward John),
_d1872-1965.
_944026
245 1 0 _aSoil conditions and plant growth /
_cEdward J Russell,
250 _a8th ed.
260 _aLondon :
_bLongmans ,
_cc1950 [Reprinting 1954]
300 _axvi , 635 p. :
_billus. ;
_c24 cm.
504 _aIncludes index and bibliography.
650 0 _aSoil science.
_934514
650 0 _aCrops and soils.
_944027
942 _2ddc
_cBK
999 _c75141
_d75141